| 000 | 00679nam a2200241 a 4500 | ||
|---|---|---|---|
| 001 | BRCA_5570 | ||
| 005 | 20190320205133.0 | ||
| 008 | 180211s1929----sp-a######---#000-0#spa-# | ||
| 041 | _aspa | ||
| 044 | _asp | ||
| 050 | 4 |
_aN7109 _b.P35 1929 |
|
| 100 | 1 |
_aPantorba, Bernardino de _911923 |
|
| 245 | 1 | 0 |
_aArtistas andaluces _cpor Bernardino de Pantorba. |
| 260 |
_aMadrid _bZ. Ascasibar _c1929 |
||
| 300 |
_a215 p. _bil. _c25 cm. |
||
| 440 | 0 |
_aBiblioteca Ascasibar II Serie _v1 _914206 |
|
| 500 | _aEstado físico: lomo roto de la parte superior | ||
| 500 | _aF45 | ||
| 650 | 1 | 4 |
_aArtistas andaluces _914207 |
| 650 | 1 | 4 |
_aArte español _92063 |
| 902 | _aGFM | ||
| 942 |
_2lcc _cB |
||
| 999 |
_c5264 _d5264 |
||